Statistics for Face topography Map

Click here to take the quiz!

General Stats

  • This quiz has been taken 14 times
  • The average score is 14 of 19

Answers on the Map

Answers color-coded by a green-red scale on the quiz's map according to % correct below.
 

Answer Stats

Answer% Correct
Condylion
100%
anterior nasal spine
82%
Basion
82%
Gnathion
82%
Labrale superius
82%
Menton
82%
Nasion
82%
Orbitale
82%
Posterior Nasal Spine
82%
Subnasale
82%
Pogonion
73%
Pogonion skorny
73%
Pterygoid
73%
Sella
73%
Gonion
64%
Porion
64%
Pronasale
55%
Subspinale
55%
Supramentale
27%

Score Distribution

Percentile by Number Answered

Percent of People with Each Score

Your Score History

You have not taken this quiz